Melting point of ice as a reference temperature for mercury-in-glass thermometers, thermocouples and platinum resistance thermometers (Record no. 26337)
[ view plain ]
| 000 -LEADER | |
|---|---|
| fixed length control field | 00628nam a22001577a 4500 |
| 008 - FIXED-LENGTH DATA ELEMENTS--GENERAL INFORMATION | |
| fixed length control field | 230502b |||||||| |||| 00| 0 eng d |
| 020 ## - INTERNATIONAL STANDARD BOOK NUMBER | |
| International Standard Book Number | 0643001218 |
| 040 ## - CATALOGING SOURCE | |
| Original cataloging agency | National Science Library |
| Transcribing agency | National Science Library |
| 080 ## - UNIVERSAL DECIMAL CLASSIFICATION NUMBER | |
| Universal Decimal Classification number | 536.081 |
| Item number | L5 |
| 100 ## - MAIN ENTRY--PERSONAL NAME | |
| Personal name | Beavis, M |
| 9 (RLIN) | 8150 |
| 245 ## - TITLE STATEMENT | |
| Title | Melting point of ice as a reference temperature for mercury-in-glass thermometers, thermocouples and platinum resistance thermometers |
| 260 ## - PUBLICATION, DISTRIBUTION, ETC. | |
| Place of publication, distribution, etc. | Australia: |
| Name of publisher, distributor, etc. | Commonwealth Scientific and Industrial Research Organization, |
| Date of publication, distribution, etc. | 1975 |
| 490 ## - SERIES STATEMENT | |
| Series statement | National Measurement Laboratory technical paper |
| Volume/sequential designation | 2 |
| 650 ## - SUBJECT ADDED ENTRY--TOPICAL TERM | |
| Topical term or geographic name entry element | Science |
| 942 ## - ADDED ENTRY ELEMENTS (KOHA) | |
| Source of classification or shelving scheme | Universal Decimal Classification |
| Koha item type | Reports |
| Withdrawn status | Lost status | Source of classification or shelving scheme | Damaged status | Not for loan | Home library | Current library | Shelving location | Date acquired | Total Checkouts | Full call number | Barcode | Date last seen | Price effective from | Koha item type |
|---|---|---|---|---|---|---|---|---|---|---|---|---|---|---|
| Universal Decimal Classification | National Science Library | National Science Library | GF/Rk-6/C-7/R-5 | 24/07/2004 | 536.081 L5 | 192322 | 02/05/2023 | 24/07/2004 | Reports |